000 00254nam a2200097Ia 4500
008 200302s9999 xx 000 0 und d
100 _aIrena Sakellaridou
245 _aMario Botta Architectural Poetics
260 _bThames and Hudson Ltd.
300 _a240 P.,
999 _c1977
_d1977